000 00527nam a22001937a 4500
003 KOHA_MİRAKIL
005 20251116132706.0
008 251116b tu ||||| |||| 00| 0 tur d
020 _a9786258036299
040 _aTR-AnABB
_btur
_cTR-AnABB
041 _atur
082 _a813.42
_bTUF 2021
100 1 _aTufan, Tarık,
245 1 0 _aKekeme çocuklar korosu /
_cTarık Tufan
260 _aİstanbul :
_bDoğan Kitap,
_c2021
300 _a140 sayfa ;
_c21 cm
650 0 4 _aTürk edebiyatı, roman
942 _2ddc
_cBK
999 _c9419
_d9419
900 _bGizem YORULMAZ